Statistics for Halloween Trivia

Click here to take the quiz!

General Stats

  • This quiz has been taken 2,296 times
  • The average score is 7 of 15

Answer Stats

HintAnswer% Correct
What is a one eyed monster?Cyclops
77%
Edgar Allen Poe wrote a dark poem about what kind of bird?Raven
77%
Orange and black are the colors of Halloween. Orange represents the fall harvest. What does black represent?Darkness
73%
What skin ailment are witches commonly known to have?Warts
70%
October 31 through November 2 is the Latin holiday, “El Dia de los Muertos”, which is English for?The Days of the dead
67%
This movie has a Michael Myers but is not Shagadelic. It is Spookorific. What is the movie?Halloween
58%
Mischievous ghosts are called what?Poltergeist
47%
What movie features a character that likes to wear his victims’ skin?Silence of the Lambs
43%
What monster is characterized by a uni-brow, hairy palms, tattoos and a long middle finger?Werewolf
37%
This movie, released in 2011 and based on a 1966 TV show with the same name, stars Jonny Depp as a vampire who is trapped for 200 years and emerges to take on the town witch with his family. It is set in Collinsport Maine? What is the movie?Dark Shadows
34%
What country did Halloween originate?Ireland
34%
This well known rock star appeared in “The Rocky Horror Picture Show” and his real name is Marvin Lee Aday. Who is it?Meatloaf
32%
What charity utilizes Halloween to collect money?UNICEF
25%
There are really vampire bats but they do not come from Transylvania. Where do they come from?Central and South America
24%
1Ironically this star started out as a teenage werewolf and eventually walked down the highway to heaven. Who was he?Michael Landon
12%

Score Distribution

Percentile by Number Answered

Percent of People with Each Score

Your Score History

You have not taken this quiz